| 000 | 00704nam a22002177a 4500 | ||
|---|---|---|---|
| 005 | 20251108172127.0 | ||
| 008 | 250721s1993 xx 000 0 ara d | ||
| 082 | 1 | 4 | _a818.02/شمس |
| 100 | 1 | _aإبن شمس الخلافة، مجد الملم أبو الفضل جعفر | |
| 245 | 1 | 0 | _aكتاب الآداب / |
| 250 | _aط2 | ||
| 264 | 1 |
_aالقاهرة : _bمكتبة الخانجي، _c1993. |
|
| 300 | _a158ص | ||
| 650 | 1 | 7 | _aالأدب العربي |
| 650 | 1 | 7 | _aالمنوعات الأدبية |
| 650 | 1 | 7 | _aالحكم و الأمثال |
| 650 | 1 | 7 | _aالأخلاق الإسلامية |
| 700 | 1 |
_aالخانجي، محمد أمين _eتحقيق |
|
| 942 |
_2ddc _cBK |
||
| 999 |
_c71136 _d71136 |
||